000
00332pab a2200145 454500
008
180718b2002 xxu||||| |||| 00| 0 eng d
100
_a
Siddiqui, Badruzzama
245
_a
Making social banking purposive
260
_c
2002
300
_a
p.11-13,16.
362
_a
Jun
650
_a
Banks
773
_a
Kurushetra
909
_a
52581
999
_c
52581
_d
52581